000 004660000a22001810004500
003 MACL
005 20151222150611.0
008 151222b xxu||||| |||| 00| 0 eng d
040 _aMACL
_cMACL
041 _aEnglish
082 _a800/PRA
100 _aPrasad, Amar Nath
_922007
245 _aIndian Women Novelists In English
260 _bAtlantic Publishers and Distributors
_c2001
350 _a375
650 _aLiterature
_922008
942 _cBK
_k800/PRA
_2ddc
999 _c40343
_d40343